00532nam a2200217Ia 450000500170000000800460001702000180006303700100008104000080009104000080009904000080010704100080011504100080012308400080013110000210013924500410016026000080020126000090020965000350021885600610025320260306172720.0008 260114s9999 xx 000 0 eng d a9789390669776 aEBOOK aCRL beng cCRL 2eng aeng qCRL aUberoi, Chanchal 0aIntroduction To Unmagnetized Plasmas bPHI c2012 aFaculty of Technology/ Physics uhttps://elibrary.phindia.com/ebooks/reader/9789390669776